MLB All-Time W.A.R TOP 50 - Statistics

General Stats
  • This quiz has been taken 70 times
  • The average score is 34 of 50
Answer Stats
Hint Answer % Correct
Yankees (182.6) Babe Ruth
100%
Giants/Pirates (162.8) Barry Bonds
98%
Senators (166.9) Walter Johnson
96%
Braves (143.1) Henry (Hank) Aaron
94%
Diamondbacks/Mariners (101.1) Randy Johnson
94%
Tigers (151.5) Ty Cobb
94%
Giants (156.2) Willie Mays
94%
Orioles (95.9) Cal Ripken
90%
Yankees/Rangers (117.6) Alex Rodriguez
88%
Yankees (113.7) Lou Gehrig
88%
Pirates (94.9) Roberto Clemente
88%
Red Sox/Yankees (139.2) Roger Clemens
88%
Braves (106.6) Greg Maddux
86%
Yankees (110.2) Mickey Mantle
86%
Phillies (106.9) Mike Schmidt
86%
Pirates (131.0) Honus Wagner
84%
Angels (86.2) Mike Trout
84%
Cardinals (128.5) Stan Musial
84%
Reds/Orioles (107.2) Frank Robinson
82%
Red Sox (121.8) Ted Williams
82%
Cardinals/Angels (101.4) Albert Pujols
80%
Mets (109.9) Tom Seaver
80%
Spiders (163.6) Cy Young
78%
Royals (88.6) George Brett
78%
Braves (95.9) Eddie Mathews
76%
Philidelphia A's/Red Sox (93.0) Jimmie Foxx
76%
Athletics (111.1) Rickey Henderson
76%
New York Giants (106.7) Christy Mathewson
70%
Cleveland Naps (106.9) Nap Lajoie
70%
Red Sox/Yankees (91.4) Wade Boggs
70%
Tigers (92.8) Al Kaline
68%
Reds/Astros (100.6) Joe Morgan
64%
Cardinals/Cubs (127.0) Rogers Hornsby
64%
Cardinals/Phillies (90.2) Steve Carlton
64%
New York Giants (110.9) Mel Ott
60%
Cardinals (89.2) Bob Gibson
58%
Chicago White Stockings (94.3) Cap Anson
56%
Philidelphia A's/ Red Sox (106.8) Lefty Grove
52%
Red Sox/Indians (134.9) Tris Speaker
52%
Braves (100.1) Warren Spahn
50%
Dodgers/Rangers (93.5) Adrian Beltre
46%
Phi A's/White Sox (124.3) Eddie Collins
46%
Braves (95.9) Phil Niekro
44%
Phillies/Cubs (119.6) Grover Alexander
38%
Twins/Pirates/Indians (94.5) Bert Blyleven
34%
Giants/Indians (90.0) Gaylord Perry
32%
Philidelphia A's (90.9) Eddie Plank
30%
Boston Red Stockings (116.3) Kid Nichols
30%
New York Giants (86.9) Tim Keefe
14%
Red Sox (96.5) Carl Yaztrzemski
0%
No matching quizzes found
Score Distribution
Percent of People with Each Score
Percentile by Number Answered
Your Score History
You have not taken this quiz